Финансы, денежное обращение и кредит (Запись № 11930108)
[ простой вид ]
| 000 -МАРКЕР | |
|---|---|
| контрольное поле | 02851nam0a2200421 4500 |
| 001 - ИДЕНТИФИКАТОР ЗАПИСИ | |
| контрольное поле | RU\NLR\BIBL_A\012105793 |
| 005 - ИДЕНТИФИКАТОР ВЕРСИИ | |
| контрольное поле | 20191011145558.0 |
| 010 ## - МЕЖДУНАРОДНЫЙ СТАНДАРТНЫЙ НОМЕР КНИГИ (ISBN) | |
| Номер (ISBN) | 978-5-7996-2692-1 |
| Тираж | 100 |
| 021 ## - НОМЕР ГОСУДАРСТВЕННОЙ РЕГИСТРАЦИИ | |
| Код страны | Российская Федерация |
| Номер | КН-П-19-066341 |
| Номер Листа государственной регистраци | КН-П-19-4773 |
| 035 ## - ДРУГИЕ СИСТЕМНЫЕ НОМЕРА | |
| Идентификатор записи | (NLR Aleph) 012105793 |
| 035 ## - ДРУГИЕ СИСТЕМНЫЕ НОМЕРА | |
| Идентификатор записи | (RuMoRGB)010085556 |
| 100 ## - ДАННЫЕ ОБЩЕЙ ОБРАБОТКИ | |
| Данные общей обработки | 20191001d2019 u y0rusy50 ca |
| 101 0# - ЯЗЫК РЕСУРСА | |
| Язык текста, звукозаписи и т.д. | русский |
| 102 ## - СТРАНА ПУБЛИКАЦИИ ИЛИ ПРОИЗВОДСТВА | |
| Страна публикации | Российская Федерация |
| 105 ## - ПОЛЕ КОДИРОВАННЫХ ДАННЫХ: ТЕКСТОВЫЕ МАТЕРИАЛЫ, МОНОГРАФИЧЕСКИЕ | |
| Кодированные данные о монографическом текстовом документе | a|||j|||000zy |
| 200 1# - ЗАГЛАВИЕ И СВЕДЕНИЯ ОБ ОТВЕТСТВЕННОСТИ | |
| Основное заглавие | Финансы, денежное обращение и кредит |
| Сведения, относящиеся к заглавию | учебник |
| -- | для обучающихся в высших учебных заведениях по направлениям подготовки УГСН 380000 "Экономика и управление" |
| Первые сведения об ответственности | [д-р экон. наук, проф. Л. И. Юзвович, д-р экон. наук, проф. М. С. Марамыгин, д-р экон. наук, проф. Е. Г. Князева и др. |
| Последующие сведения об ответственности | под редакцией Л. И. Юзвович и др.] |
| -- | Министерство науки и высшего образования Российской Федерации, Уральский государственный экономический университет (УрГЭУ) |
| 210 ## - ПУБЛИКАЦИЯ, РАСПРОСТРАНЕНИЕ И ДР. | |
| Место издания, распространения и т.д. | Екатеринбург |
| Имя издателя, распространителя и т. д. | Изд-во Уральского университета |
| Дата издания, распространения и т.д. | 2019 |
| 215 ## - ФИЗИЧЕСКАЯ ХАРАКТЕРИСТИКА | |
| Специфическое обозначение материала и объем | 354 с. |
| Другие сведения о физической характеристике | ил., цв. ил., табл. |
| Размеры | 25 |
| 225 1# - СЕРИЯ | |
| Основное заглавие серии | Серия "Современные финансы и банковское дело" |
| 300 ## - ОБЩИЕ ПРИМЕЧАНИЯ | |
| Текст примечания | Авт. указаны на обороте тит. л. |
| 320 ## - ПРИМЕЧАНИЯ О НАЛИЧИИ В ДОКУМЕНТЕ БИБЛИОГРАФИИ / УКАЗАТЕЛЯ | |
| Текст примечания | Библиогр. в конце гл. и в подстроч. примеч. |
| 606 1# - НАИМЕНОВАНИЕ ТЕМЫ КАК ПРЕДМЕТ | |
| Наименование темы | Финансы |
| Формальный подзаголовок | Учебники для высших учебных заведений |
| Географический подзаголовок | Российская Федерация |
| Системный номер авторитетной/нормативной записи | 2073627 |
| Идентификатор авторитетной/нормативной записи | RU\NLR\AUTH\661248550 |
| 606 1# - НАИМЕНОВАНИЕ ТЕМЫ КАК ПРЕДМЕТ | |
| Наименование темы | Денежное обращение |
| Формальный подзаголовок | Учебники для высших учебных заведений |
| Географический подзаголовок | Российская Федерация |
| Системный номер авторитетной/нормативной записи | 2077429 |
| Идентификатор авторитетной/нормативной записи | RU\NLR\AUTH\661253052 |
| 606 1# - НАИМЕНОВАНИЕ ТЕМЫ КАК ПРЕДМЕТ | |
| Наименование темы | Кредит |
| Формальный подзаголовок | Учебники для высших учебных заведений |
| Географический подзаголовок | Российская Федерация |
| Системный номер авторитетной/нормативной записи | 2097873 |
| Идентификатор авторитетной/нормативной записи | RU\NLR\AUTH\661269143 |
| 686 1# - ИНДЕКСЫ ДРУГИХ КЛАССИФИКАЦИЙ | |
| Индекс | У26(2)я73 |
| 686 1# - ИНДЕКСЫ ДРУГИХ КЛАССИФИКАЦИЙ | |
| Индекс | У26(2)26я73 |
| 686 1# - ИНДЕКСЫ ДРУГИХ КЛАССИФИКАЦИЙ | |
| Индекс | У26(2)22я73 |
| 701 #1 - ИМЯ ЛИЦА - АЛЬТЕРНАТИВНАЯ ОТВЕТСТВЕННОСТЬ | |
| Начальный элемент ввода | Юзвович |
| Часть имени, кроме начального элемента ввода | Л. И. |
| Расширение инициалов личного имени | Лариса Ивановна |
| 701 #1 - ИМЯ ЛИЦА - АЛЬТЕРНАТИВНАЯ ОТВЕТСТВЕННОСТЬ | |
| Начальный элемент ввода | Марамыгин |
| Часть имени, кроме начального элемента ввода | М. С. |
| Расширение инициалов личного имени | Максим Сергеевич |
| 701 #1 - ИМЯ ЛИЦА - АЛЬТЕРНАТИВНАЯ ОТВЕТСТВЕННОСТЬ | |
| Начальный элемент ввода | Князева |
| Часть имени, кроме начального элемента ввода | Е. Г. |
| Расширение инициалов личного имени | Елена Геннадьевна |
| 712 02 - НАИМЕНОВАНИЕ ОРГАНИЗАЦИИ - ВТОРИЧНАЯ ОТВЕТСТВЕННОСТЬ | |
| Код отношения | Прочие |
| Начальный элемент ввода | Уральский государственный экономический университет |
| Идентифицирующий признак | Екатеринбург |
| Системный номер авторитетной/нормативной записи | 399528 |
| Идентификатор авторитетной/нормативной записи | RU\NLR\AUTH\889951781 |
| 942 ## - ДОПОЛНИТЕЛЬНЫЕ ЭЛЕМЕНТЫ ЗАПИСИ (АБИС) | |
| Тип экземпляра АБИС | Книга |
| 980 ## - КОЛЛЕКЦИЯ | |
| Название коллекции | НБР |
| 980 ## - КОЛЛЕКЦИЯ | |
| Название коллекции | Национальная библиография |
Нет доступных экземпляров.